Adminstrator general (Mysore) rules, 1952 (Record no. 423885)

000 -LEADER
fixed length control field 00332cam a22001097a 4500
008 - FIXED-LENGTH DATA ELEMENTS--GENERAL INFORMATION
fixed length control field 180718b1952 xxu||||| |||| 00| 0 eng d
082 ## - DEWEY DECIMAL CLASSIFICATION NUMBER
Classification number T46503x5444
245 ## - TITLE STATEMENT
Title Adminstrator general (Mysore) rules, 1952
Statement of responsibility, etc. by Law Department, Mysore
260 ## - PUBLICATION, DISTRIBUTION, ETC.
Place of publication, distribution, etc. Bangalore
Name of publisher, distributor, etc. Government Press
Date of publication, distribution, etc. 1952
300 ## - PHYSICAL DESCRIPTION
Extent 31p.
700 ## - ADDED ENTRY--PERSONAL NAME
Personal name Mysore. Law Department
Holdings
Withdrawn status Lost status Damaged status Not for loan Permanent Location Current Location Date acquired Full call number Barcode Date last seen Price effective from Koha item type
        Indian Institute of Public Administration Indian Institute of Public Administration 2009-09-09 T46503x5444 24868 2018-07-21 2018-07-21 Book

Powered by Koha